LIBRARY & INFORMATION CENTRE, KCAET, TAVANUR

ONLINE PUBLIC ACCESS CATALOGUE (OPAC)

Agricultural engineering / (Record no. 9261)

MARC details
000 -LEADER
fixed length control field 00436cam a2200181ua 4500
041 ## - LANGUAGE CODE
Language code of text/sound track or separate title eng
082 ## - DEWEY DECIMAL CLASSIFICATION NUMBER
Classification number 631.1
Item number RAD/AG
100 ## - MAIN ENTRY--AUTHOR NAME
Personal name Radhey, Lal .
245 ## - TITLE STATEMENT
Title Agricultural engineering /
260 ## - PUBLICATION, DISTRIBUTION, ETC. (IMPRINT)
Place of publication Allahabad :
Name of publisher Saroj Prakashan ,
Year of publication 1995.
300 ## - PHYSICAL DESCRIPTION
Number of Pages 795 ; .
942 ## - ADDED ENTRY ELEMENTS (KOHA)
Koha item type Books
Holdings
Withdrawn status Lost status Damaged status Home library Current library Date acquired Full call number Accession Number Koha item type
    Damaged KAUAET KAUAET 07/04/2012 631.1 19819 Books
      KAUAET KAUAET 07/04/2012 631.1 17604 Books
      KAUAET KAUAET 25/02/2023 631.1 RAD/AG 17607 Books
free website counter